1448 1332 1662 1203 1546 1709 1205 1454 1730 1908 1647 1702 1256 1502 1547 1539 1633 1361 1867 1025 1808 1703 1506 1537 1310 1206 1716 1193 1582 1445 1677 1122 1855 1605 1048 1134 1364 1868 1995 1106 1849 1261 1220 1536 1148 1931 1965 1135 1536 1541 1370 1440 1514 1605 1713 1814 1023 1125 1528 1045 1642 1502 1028 1425 1377 1149 1642 1482 1898 1665 1798 1171 1553 1064 1958 1758 1085 1205 1897 1678 1597 1022 1416 1395 1591 1925 1538 1209 1393 1172 1383 1950 1189 1583 1786 1361 1088 1622 1888 BCNSPRNW ULIB Ver.6.0+V

เปลี่ยนเป็นภาษาไทย

Change to English
 แสดงรายละเอียดบรรณานุกรม
  กลับหน้าหลัก

Brief Record : Get Marc (ISO 2709) : E-mail record : QR code < ปิดหน้าต่าง
LEADER : 00000nam 2200000uu 4500
001    13399122226
003     ULIB
008    130114s||||||||th 000 0 tha d
020    ^a9786161111427
060  4 ^aWY159^bว654ก
100 0  ^aวิภารัตน์ สุวรรณไวพัฒนะ
245 10 ^aการพยาบาลเด็กป่วยโรคเรื้อรังโดยใช้ครอบครัวเป็นศูนย์กลาง =^bFamily-centered care of children with chronic illness /^cวิภารัตน์ สุวรรณไวพัฒนะ
246 31 ^aFamily-centered care of children with chronic illness
250    ^aพิมพ์ครั้งที่ 1
260    ^aนนทบุรี :^bโครงการสวัสดิการวิชาการ สถาบันพระบรมราชชนกกระทรวงสาธารณสุข,^c2555
300    ^a95 หน้า :^bภาพประกอบ
650  7 ^aเด็ก^xการดูแล
650  7 ^aการพยาบาลกุมาเวชศาสตร์
710 2  ^aสถาบันพระบรมราชชนก.^bโครงการสวัสดิการวิชาการ
945    ^p0^l0^i19694
945    ^p0^l0^i19695
945    ^p0^l0^i19696
995    ^aกัณชพร
999    ^aใช้งานได้ทุกระบบ
รายการนี้ยังไม่มีแท็ก
คุณยังไม่ได้ล็อกอิน คุณสามารถมีกิจกรรมร่วมกับเว็บไซต์ได้ แต่ต้องล็อกอินก่อน ::
  ล็อกอิน

รายการสื่อสารสนเทศ

ลำดับที่ ประเภท เลขเรียก/บาร์โค้ด สถานที่ สถานะ
1. Book การพยาบาล
Book การพยาบาล
สถานะ=หนังสือเก่า
WY159 ว654ก  
  Barcode: 19694
ห้องสมุดวิทยาเขตนครสวรรค์
►ส่วนจัดเก็บหนังสือเก่า นว.
บนชั้น
  ขอยืม
2. Book การพยาบาล
Book การพยาบาล
สถานะ=หนังสือเก่า
WY159 ว654ก ฉ.2 
  Barcode: 19695
ห้องสมุดวิทยาเขตนครสวรรค์
►ส่วนจัดเก็บหนังสือเก่า นว.
บนชั้น
  ขอยืม
3. Book การพยาบาล
Book การพยาบาล
สถานะ=หนังสือเก่า
WY159 ว654ก ฉ.3 
  Barcode: 19696
ห้องสมุดวิทยาเขตนครสวรรค์
►ส่วนจัดเก็บหนังสือเก่า นว.
บนชั้น
  ขอยืม

รายการใกล้เคียง
    ผู้แต่ง [วิภารัตน์ สุวรรณไวพัฒนะ]

    หัวเรื่อง [เด็ก การดูแล]
    หัวเรื่อง [การพยาบาลกุมาเวชศาสตร์]

BibComment


ยังไม่เคยถูกคอมเมนท์

คอมเมนท์ทรัพยากรรายการนี้
  คอมเมนท์: การพยาบาลเด็กป่ว..


 Copyright 2026. Bcnsprnw @Library